000 00747nam a2200229 i 4500
001 bg
003 BPK
005 20191122120853.0
008 040519s1976 pl a f |001 0 pol
015 _aPB 1976/2944
040 _cBPK
041 0 _apol
080 _a621.39
245 0 0 _aNowoczesne systemy teletransmisyjne /
_cWłodzimierz Barjasz [et al.].
260 _aWarszawa :
_bWydaw-a Komunikacji i Łączności,
_c1976.
300 _a424 s., [1] k. tabl. :
_bil., tab., wykr. ;
_c25 cm.
504 _aBibliogr. przy rozdz. Indeks.
650 4 _aTelekomunikacja
700 1 _aBarjasz, Włodzimierz.
856 _uhttp://koha.tu.koszalin.pl/cgi-bin/koha/opac-detail.pl?biblionumber=16752
_yKatalog online BPK
942 _2UKD
_cKS
999 _c16752
_d16752